000 nam a22 7a 4500
999 _c7963
_d7963
008 171118b xxu||||| |||| 00| 0 eng d
100 _94420
_aNCERT
245 _aBIOLOGY EXEMPLAR PROBLEMS-XII
260 _aNEW DELHI
_bNCERT
_c2016